| 000 | 00627nam a22002297a 4500 | ||
|---|---|---|---|
| 005 | 20170124110034.0 | ||
| 010 | _a967801 | ||
| 020 | _c00.00 | ||
| 035 | _a967801 | ||
| 037 | _bCen Lib/Ret | ||
| 040 |
_adpl _bEN |
||
| 082 |
_a882 _bFRY |
||
| 100 |
_aFry, Christopher _9102328 |
||
| 245 |
_aThe lady's not for burning : _cby Christopher Fry _ba comedy / |
||
| 250 | _a2nd ed | ||
| 260 |
_bOxford University Press _c1951 _aLondon |
||
| 270 | _aAmen House | ||
| 300 |
_a97p. _c18cm(Hb) |
||
| 650 |
_aEnglish drama -- 20th century. _9102329 |
||
| 650 |
_aDrama. _9102330 |
||
| 942 |
_2ddc _cEN _h882 _mFRY |
||
| 999 |
_c128038 _d128038 |
||